| 000 | 01040cam a2200289 i 4500 | ||
|---|---|---|---|
| 999 |
_c200459614 _d77826 |
||
| 003 | TR-AnTOB | ||
| 005 | 20240215120556.0 | ||
| 007 | ta | ||
| 008 | 240215t20222022tu 000 0 tur d | ||
| 020 | _a9786050513769 | ||
| 040 |
_aANKA _beng _erda _cANKA _dTR-AnTOB |
||
| 041 | 0 | _atur | |
| 050 | 4 |
_aKKX920 _b.B695 2022 |
|
| 090 |
_aKKX920 _b.B695 2022 |
||
| 100 | 1 |
_aBozkurt, Tamer, _d1981- _eauthor _9115913 |
|
| 245 | 1 | 0 |
_aTicaret hukuku pratik çalışmaları I : _bticari işletme hukuku / _cDr. Öğr. Üyesi Tamer Bozkurt, Dr. Öğr. Üyesi Ebru Tüzemen Atik, Dr. Öğr. Üyesi Oğuz Yolal, Arş. Gör. Mehmet Cemil Türk. |
| 264 | 1 |
_aAnkara : _bYetkin Yayınları, _c2022. |
|
| 300 |
_a213 pages ; _c23 cm |
||
| 336 |
_atext _btxt _2rdacontent |
||
| 337 |
_aunmediated _bn _2rdamedia |
||
| 338 |
_avolume _bnc _2rdacarrier |
||
| 504 | _aBIB | ||
| 650 | 7 |
_aTicaret hukuku _zTürkiye _2etuturkob _934380 |
|
| 650 | 7 |
_aTicari teşebbüsler _zTürkiye _xHukuk ve mevzuat _2etuturkob _9115916 |
|
| 942 |
_2lcc _cBK |
||